LEADER 00830nam0-22002891i-450- 001 990006483900403321 005 20001010 035 $a000648390 035 $aFED01000648390 035 $a(Aleph)000648390FED01 035 $a000648390 100 $a20001010d--------km-y0itay50------ba 101 0 $aita 105 $ay-------001yy 200 1 $aClass and Economic Change in Kenya$ethe Making of an African Petite-Bourgeoisie$fGavin Kitching 210 $aNew Haven$cYale University Press$d1980. 215 $aXXII, 479 p.$d22 cm 676 $a338.9 700 1$aKitching,$bGavin$0243816 801 0$aIT$bUNINA$gRICA$2UNIMARC 901 $aBK 912 $a990006483900403321 952 $aXIV E 1788$b19078$fFSPBC 959 $aFSPBC 996 $aClass and Economic Change in Kenya$9652847 997 $aUNINA DB $aGEN01